Religious Diversity and Social Change : (Record no. 612559)

MARC details
000 -LEADER
fixed length control field 00526nam a2200193 a 4500
008 - FIXED-LENGTH DATA ELEMENTS--GENERAL INFORMATION
fixed length control field 260214s1987##################000#0#eng##
020 ## - INTERNATIONAL STANDARD BOOK NUMBER
ISBN 9780521341455
082 04 - DEWEY DECIMAL CLASSIFICATION NUMBER
Classification number 306.60973
Item number CHR
100 1# - MAIN ENTRY--AUTHOR NAME
Personal name Christiano, Kevin J.,
245 10 - TITLE STATEMENT
Title Religious Diversity and Social Change :
260 ## - PUBLICATION, DISTRIBUTION, ETC. (IMPRINT)
Name of publisher Cambridge University Press,
Year of publication 1987.
300 ## - PHYSICAL DESCRIPTION
Number of Pages 259 pages
650 #0 - SUBJECT ADDED ENTRY--TOPICAL TERM
Topical Term Religion.
942 ## - ADDED ENTRY ELEMENTS (KOHA)
Koha item type English Books
Holdings
Withdrawn status Lost status Damaged status Not for loan Home library Current library Shelving location Date acquired Full call number Accession Number Price effective from Koha item type
        Anna Centenary Library Anna Centenary Library 3RD FLOOR, B WING 14.02.2026 306.60973 CHR 231099 14.02.2026 English Books

Find us on the map